000 00949nam a2200265 a 4500
001 000025786
003 DO-SdBNP
005 20250409124049.0
008 110222s1969 sp r 000 0 spa d
040 _aDO-SdBNP
_bspa
_cBNPHU
041 1 7 _aspa
_heng
_2Código de idioma MARC
049 _aBNGR
082 _aNNN
_bA896d
100 1 _aAubry, Jean-Marie
_d1928-
_952591
240 1 0 _aDinamyque des groupes.
_lEspañol.
245 1 0 _aDinámica de grupos :
_biniciación a su espíritu y a algunas de sus técnicas /
_cJean Marie Aubry, Yves Saint-Arnaud ; traducción de Luis Pérez Martínez.
260 _aMadrid :
_bEuramérica,
_c1969.
300 _a100, [4] p. :
_bil., diagrs. ;
_c18 cm.
490 1 _aDesarrollo social
_v3
504 _aIncluye bibliografía (p. 93-99)
534 _aTítulo original:
_tDinamyque des groupes.
700 1 _aSaint-Arnaud, Yves
_952592
700 1 _aPérez Martínez, Luis
_etr.
_952593
942 _2ddc
_cLBS1
999 _c25278
_d25278